Dictionary of Hinduism / (Record no. 122928)

MARC details
000 -LEADER
fixed length control field 00637nam a22002177a 4500
005 - DATE AND TIME OF LATEST TRANSACTION
control field 20170124105917.0
010 ## - LIBRARY OF CONGRESS CONTROL NUMBER
LC control number B-031726
020 ## - INTERNATIONAL STANDARD BOOK NUMBER
Terms of availability 600.00
International Standard Book Number 8176251461
035 ## - SYSTEM CONTROL NUMBER
System control number B-031726
037 ## - SOURCE OF ACQUISITION
Source of stock number/acquisition Cen Lib/Ret
040 ## - CATALOGING SOURCE
Original cataloging agency DPL
Language of cataloging EN
082 ## - DEWEY DECIMAL CLASSIFICATION NUMBER
Classification number 230.03
Item number DIC
245 ## - TITLE STATEMENT
Title Dictionary of Hinduism /
Statement of responsibility, etc edited by Kush Satyendra
260 ## - PUBLICATION, DISTRIBUTION, ETC. (IMPRINT)
Place of publication, distribution, etc New Delhi
Name of publisher, distributor, etc IVY Publishing House
Date of publication, distribution, etc 2000
270 ## - ADDRESS
City New Delhi
Postal code 110095
300 ## - PHYSICAL DESCRIPTION
Extent 353p.
Dimensions 23cm(Hb)
650 ## - SUBJECT ADDED ENTRY--TOPICAL TERM
Topical term or geographic name as entry element Riligious-Dictionary
Form subdivision Dictionaries
9 (RLIN) 106667
650 ## - SUBJECT ADDED ENTRY--TOPICAL TERM
Topical term or geographic name as entry element Hinduism-Dictionary
9 (RLIN) 3121
700 ## - ADDED ENTRY--PERSONAL NAME
Personal name Satyendra, Kush
9 (RLIN) 106668
942 ## - ADDED ENTRY ELEMENTS (KOHA)
Source of classification or shelving scheme Dewey Decimal Classification
Koha item type English Books
Classification part 230.03
Call number suffix DIC
Holdings
Withdrawn status Lost status Damaged status Not for loan Collection code Home library Current library Date acquired Source of acquisition Cost, normal purchase price Total Checkouts Full call number Barcode Date last seen Copy number Cost, replacement price Price effective from Koha item type
      Not For Loan Reference Central Library Central Library 30/05/2015 Cen Lib/Ret 600.00   230.03 DIC B-031726 30/05/2015 1 600.00 15/09/2016 English Books

© Delhi Public Library
Hit Counter
free hit counter